<?xml version="1.0" encoding="UTF-8"?>
<record
    xmlns:xsi="http://www.w3.org/2001/XMLSchema-instance"
    xsi:schemaLocation="http://www.loc.gov/MARC21/slim http://www.loc.gov/standards/marcxml/schema/MARC21slim.xsd"
    xmlns="http://www.loc.gov/MARC21/slim">

  <leader>00379nam a22001577a 4500</leader>
  <controlfield tag="003">SGT</controlfield>
  <datafield tag="020" ind1=" " ind2=" ">
    <subfield code="a">978-81-8473-600-7</subfield>
  </datafield>
  <datafield tag="082" ind1=" " ind2=" ">
    <subfield code="a">616.0757</subfield>
    <subfield code="b">C19C</subfield>
  </datafield>
  <datafield tag="100" ind1=" " ind2=" ">
    <subfield code="a">CURRY, THOMAS S. </subfield>
  </datafield>
  <datafield tag="245" ind1=" " ind2=" ">
    <subfield code="a">CHRISTENSEN'S PHYSICS OF DIAGNOSTIC RADIOLOGY </subfield>
  </datafield>
  <datafield tag="250" ind1=" " ind2=" ">
    <subfield code="a">4TH </subfield>
  </datafield>
  <datafield tag="260" ind1=" " ind2=" ">
    <subfield code="a">INDIA </subfield>
    <subfield code="b">WOLTERS KLUWER PUB </subfield>
    <subfield code="c">2019</subfield>
  </datafield>
  <datafield tag="300" ind1=" " ind2=" ">
    <subfield code="a">522</subfield>
  </datafield>
  <datafield tag="650" ind1=" " ind2=" ">
    <subfield code="a">RADIOLOGY </subfield>
  </datafield>
  <datafield tag="942" ind1=" " ind2=" ">
    <subfield code="2">ddc</subfield>
    <subfield code="c">BK</subfield>
    <subfield code="0">81</subfield>
  </datafield>
  <datafield tag="952" ind1=" " ind2=" ">
    <subfield code="0">0</subfield>
    <subfield code="1">0</subfield>
    <subfield code="2">ddc</subfield>
    <subfield code="4">0</subfield>
    <subfield code="7">0</subfield>
    <subfield code="8">MEDICAL</subfield>
    <subfield code="a">FM</subfield>
    <subfield code="b">FM</subfield>
    <subfield code="c">TXT</subfield>
    <subfield code="d">2019-08-03</subfield>
    <subfield code="e">ABC DELHI </subfield>
    <subfield code="g">1450.00</subfield>
    <subfield code="i">SGTU</subfield>
    <subfield code="l">44</subfield>
    <subfield code="o">616.0757 C19C</subfield>
    <subfield code="p">FM11633</subfield>
    <subfield code="r">2026-05-07 00:00:00</subfield>
    <subfield code="s">2026-04-22</subfield>
    <subfield code="w">2019-07-03</subfield>
    <subfield code="y">BK</subfield>
    <subfield code="k">11141</subfield>
  </datafield>
  <datafield tag="952" ind1=" " ind2=" ">
    <subfield code="0">0</subfield>
    <subfield code="1">0</subfield>
    <subfield code="2">ddc</subfield>
    <subfield code="4">0</subfield>
    <subfield code="7">0</subfield>
    <subfield code="8">MEDICAL</subfield>
    <subfield code="a">FM</subfield>
    <subfield code="b">FM</subfield>
    <subfield code="c">TXT</subfield>
    <subfield code="d">2019-08-03</subfield>
    <subfield code="e">ABC DELHI </subfield>
    <subfield code="g">1450.00</subfield>
    <subfield code="i">SGTU</subfield>
    <subfield code="l">62</subfield>
    <subfield code="o">616.0757 C19C</subfield>
    <subfield code="p">FM11634</subfield>
    <subfield code="r">2026-05-21 00:00:00</subfield>
    <subfield code="s">2026-05-18</subfield>
    <subfield code="w">2019-07-03</subfield>
    <subfield code="y">BK</subfield>
    <subfield code="k">11141</subfield>
  </datafield>
  <datafield tag="999" ind1=" " ind2=" ">
    <subfield code="c">18721</subfield>
    <subfield code="d">18721</subfield>
  </datafield>
</record>
